| 000 | 00749nam a22001577a 4500 | ||
|---|---|---|---|
| 003 | OSt | ||
| 005 | 20151117104944.0 | ||
| 008 | 151117b xxu||||| |||| 00| 0 eng d | ||
| 040 | _cRUA | ||
| 082 | _aFOR SOP 2001 B127 Or.1 | ||
| 100 |
_93770 _aSOPHAL LASKA |
||
| 245 | _aEffectiveness of ex-situe elephant conservation at phnom tamao zoological garden and wildlife rescuenter, ប្រសិទ្ធភាពនៃការអភិរក្សសត្វដំរីនៅក្រៅតំបន់ ក្នុងឧស្យានសួនសត្វ និងមណ្ឌលសង្រ្គោះសត្វព្រៃភ្នំតាម៉ៅ, | ||
| 260 |
_aPhnom Penh _bRUA _c2001 |
||
| 300 |
_a48p. _bill. _c29cm. |
||
| 942 |
_2ddc _cFOR |
||
| 999 |
_c3508 _d3508 |
||